000 00631nam a2200229 i 4500
001 15241
003 ES-MaACL
005 20250111062526.0
007 t|
008 000207s1999 sp 0001f spa d
020 _a84-339-2443-5
080 _a821.134.2-31"19"
100 1 _aGiralt Torrente, Marcos.
_957207
245 1 0 _aParís /
_cMarcos Giralt Torrente.
250 _a2ª ed.
260 _aBarcelona :
_bAnagrama,
_c1999.
300 _a300 p. ;
_c22 cm.
490 1 _aNarrativas hispánicas ;
_v273
830 1 0 _aNarrativas hispánicas (Anagrama)
_v273
_9178124
852 4 _aES-MaACL
_jL-22485
999 _c15241
_d15241